Nombra a todos los personajes de Kimetsu no Yaiba - Estadísticas

Estadísticas generales
  • Esta prueba ha sido intentada 15 veces
  • La puntuación promedio es 11 de 102
Estadísticas de respuestas
Respuesta % Correcto
Nezuko Kamado
100%
Tanjiro Kamado
100%
Giyu Tomioka
50%
Akaza
42%
Muzan Kibutsuji
42%
Shinobu Kocho
42%
Tengen Uzui
42%
Douma
33%
Genya Shinazugawa
33%
Kanae Kocho
33%
Kanao Kocho
33%
Kokushibo
33%
Mitsu
33%
Rui
33%
Sanemi Shinazugawa
33%
Zenitsu Agatsuma
33%
Gyomei Himejima
25%
Kyojuro Rengoku
25%
Muichiro Tokito
25%
Obanai Iguro
25%
Tamayo
25%
Amane Ubuyashiki
17%
Daki
17%
Enmu
17%
Gyutaro
17%
Kagaya Ubuyashiki
17%
Kaigaku
17%
Mitsuri Kanroji
17%
Sabito
17%
Sakonji Urokodaki
17%
Tanjuro Kamado
17%
Yushiro
17%
Gyokko
8%
Hantengu
8%
Hinaki Ubuyashiki
8%
Hinatsuru
8%
Kanata Ubuyashiki
8%
Kiriya Ubuyashiki
8%
Makomo
8%
Murata
8%
Nichika Ubuyashiki
8%
Ozaki
8%
Senjuro Rengoku
8%
Shinjuro Rengoku
8%
Aoi Hazanaki
0%
Demonio cornudo
0%
Demonio de las manos
0%
Demonio del pantano
0%
Demonio del templo
0%
Demonio lengua
0%
Demonio serpiente
0%
Goto
0%
Hanako Kamado
0%
Hermana de Rui
0%
Hermano de Rui
0%
Hisa
0%
Hotaru Haganezuka
0%
Inosuke Hashibara
0%
Jigoro Kuwajima
0%
Kamanue
0%
Kazumi
0%
Keizo
0%
Kie Kamado
0%
Kiyoshi
0%
Kiyo Terauchi
0%
Koinatsu
0%
Kotetsu
0%
Kotoha Hashibara
0%
Koyuki
0%
Kozo Kanamori
0%
Kuina Ubuyashiki
0%
Kyogai
0%
Madre de Rui
0%
Makio
0%
Masachika Kumeno
0%
Mukago
0%
Naho Takada
0%
Nakime
0%
Padre de Rui
0%
Rokuro
0%
Rokuta Kamado
0%
Ruka Rengoku
0%
Saburo
0%
Sasamaru
0%
Satoko
0%
Shigeru Kamado
0%
Shoichi
0%
Suma
0%
Sumi Nakahara
0%
Sumire
0%
Sumiyoshi
0%
Suyako
0%
Takaharu
0%
Takeo Kamado
0%
Tecchin Tecchikawahara
0%
Teruko
0%
Tetsuido
0%
Toyo
0%
Wakuraba
0%
Yahaba
0%
Yoriichi Tsugikuni
0%
Yuichiro Tokito
0%
No se encontraron pruebas coincidentes
Distribución de puntuación
Porcentaje de gente con cada puntuación
Porcentaje por número respondido
Historial de tus puntuaciones
No has intentado esta prueba.